Pays avec une syllabe - Statistiques

Statistiques générales
  • Ce quiz a été pris 273 fois
    171 depuis la dernière actualisation
  • Le résultat moyen est 5 sur 8
Statistiques - réponses
Continents Pays % Correct
Asie Chine
73%
Asie Inde
69%
Europe Grèce
68%
Europe France
67%
Europe Malte
66%
Europe Suisse
65%
Asie Chypre
60%
Afrique Tchad
56%
Aucun quiz correspondant
Distribution des résultats
% des personnes avec chaque résultat
Percentile par nombre de réponses
Votre historique - résultats
Vous n’avez pas pris ce quiz depuis la dernière actualisation